000 00829nam0a22002651 4500
001 rc\2779992
005 20250806204918.0
035 _a(NLR Aleph) 006906233
090 _a32863
_c32863
100 _a20110915d1942 u y0rusy50 ca
101 0 _arus
102 _aRU
105 _aa z |||||
200 1 _aРабота сортировочной горки в военное время
210 _aМосква
_cТрансжелдориздат
_d1942
215 _a48 с.
_cил.
_d14 см.
700 1 _aРыцарев
_bМ.А.
_gМихаил Алексеевич
701 1 _aПотапов
_bИ.В.
801 0 _aRU
_bNLR
_gpsbo
801 1 _aRU
_bELAR
_2rusmarc
852 _aNLR
_jТ88 Г-2/615
942 _cBOOK
945 _aРоссийская национальная библиотека
980 _aNB
980 _aBV